Perkembangan pendidikan negara

Bibliographic Details
Main Author: Muhamad Ismail Ahmad
Corporate Authors: Siri, Title
Format: Book
Published: Selangor : Pustaka Mawar , 2004
Series:Siri keranamu Malaysia
Subjects:

MARC

LEADER 00000cam a2200000 7i4500
001 0000005232
005 20151222.0
008 070802
020 |a 9838753505(set) 
020 |a 9838753521 
090 0 0 |a G MAL 
100 0 |a Muhamad Ismail Ahmad 
245 1 0 |a Perkembangan pendidikan negara   |c Muhamad Ismail Ahmad 
260 |a Selangor :   |b Pustaka Mawar ,   |c 2004 
440 0 |a Siri keranamu Malaysia 
500 |a Children ages 10-12 years old (pink) 
650 0 |a Education and state   |z Malaysia 
650 0 |a Junior fiction   |x Malay   |x Languages 
710 0 |a Siri 
710 0 |a Title 
999 |a 0000875695   |b Book   |c Children Collection   |e Cawangan Mersing 
999 |a 0000979168   |b Book   |c Children Collection   |e Cawangan Sri Merlong 
999 |a 0000979169   |b Book   |c Children Collection   |e Cawangan Muar 
999 |a 0000979170   |b Book   |c Children Collection   |e Perbadanan Perpustakaan Awam Johor 
999 |a 0000979171   |b Book   |c Children Collection   |e Perbadanan Perpustakaan Awam Johor 
999 |a 0000979172   |b Book   |c Children Collection   |e Perbadanan Perpustakaan Awam Johor